Central Library OPAC University of Rajshahi

The United States and India, Pakistan, Bangladesh / (Record no. 1925)

MARC details
000 -LEADER
fixed length control field 00944nam a22002777a 4500
001 - CONTROL NUMBER
control field 1925
003 - CONTROL NUMBER IDENTIFIER
rucl marc code BD-RjUL
005 - DATE AND TIME OF LATEST TRANSACTION
control field 20211208233437.0
008 - FIXED-LENGTH DATA ELEMENTS--GENERAL INFORMATION
fixed length control field 131209m19721953xxub|||| |||| 001 0 eng d
035 ## - SYSTEM CONTROL NUMBER
System control number (BD-RjUL)1952
-- (OCoLC)539936
040 ## - CATALOGING SOURCE
Original cataloging agency BD-RjUL
Language of cataloging eng
Transcribing agency BD-RjUL
041 ## - LANGUAGE CODE
Language code of text/sound track or separate title eng
082 04 - DEWEY DECIMAL CLASSIFICATION NUMBER
Author mark and year BRU 1972
Edition number 21
Classification number 954.04
100 1# - MAIN ENTRY--PERSONAL NAME
Personal name Brown, W. Norman
9 (RLIN) 5871
245 14 - TITLE STATEMENT
Title The United States and India, Pakistan, Bangladesh /
Statement of responsibility, etc. W Norman Brown
250 ## - EDITION STATEMENT
Edition statement 3rd ed.
260 ## - PUBLICATION, DISTRIBUTION, ETC. (IMPRINT)
Place of publication, distribution, etc. Cambridge :
Name of publisher, distributor, etc. Harvard University Press,
Date of publication, distribution, etc. 1972.
300 ## - PHYSICAL DESCRIPTION
Pagination ix, 462 p. :
Illustrations ill. ;
Size 25 cm.
490 ## - SERIES STATEMENT
Series statement American foreign policy library.
504 ## - BIBLIOGRAPHY, ETC. NOTE
Bibliography, etc Include index.
650 ## - SUBJECT ADDED ENTRY--TOPICAL TERM
Topical term or geographic name as entry element India -- History -- 1947-
9 (RLIN) 6360
Topical term or geographic name as entry element Pakistan -- History.
9 (RLIN) 6361
Topical term or geographic name as entry element Bangladesh -- History
9 (RLIN) 6362
856 ## - ELECTRONIC LOCATION AND ACCESS
Materials specified WorldCat
Uniform Resource Identifier <a href="http://www.worldcat.org/title/united-states-and-india-pakistan-bangladesh/oclc/539936&referer=brief_results">http://www.worldcat.org/title/united-states-and-india-pakistan-bangladesh/oclc/539936&referer=brief_results</a>
942 ## - ADDED ENTRY ELEMENTS (KOHA)
Source of classification or shelving scheme Dewey Decimal Classification
Koha item type Books
Holdings
Lost status Source of classification or shelving scheme Damaged status Not for loan Collection code Permanent Location Current Location Shelving location Date acquired Source of acquisition Cost, normal purchase price Total Checkouts Full call number Date last seen Copy number Koha item type
  Dewey Decimal Classification   Not For Loan Non-fiction Central Library, University of Rajshahi Central Library, University of Rajshahi Reading Room 30/03/1974 Oxford University Press 54.00   954.04 BRU 1972 29/02/2016 C-1 Books
  Dewey Decimal Classification     Non-fiction Central Library, University of Rajshahi Central Library, University of Rajshahi   30/03/1974 Oxford University Press 54.00   954.04 BRU 1972 09/12/2013 C-2 Books